000 00382nam a2200133 i 4500
001 bg
245 6 _aSixth European Conference on Soil Mechanics and Foundation Engineering :
_bproceeding, Vienna, 22nd to 24th March 1976. Vol.1/1.
260 _aWien,
_c1976.
040 _cBPK
041 _apol
080 _a624.1(061)
942 _cKS
008 s pl f |000 0 pol
999 _c47185
_d47185
856 _uhttp://koha.tu.koszalin.pl/cgi-bin/koha/opac-detail.pl?biblionumber=47185
_yKatalog online BPK